| 000 | 00712nam a2200217Ia 4500 | ||
|---|---|---|---|
| 003 | GCL | ||
| 008 | 140319s9999 xx 000 0 ara d | ||
| 040 |
_aGCL / _cGCL |
||
| 082 | 0 | 4 |
_a212 _bهـ ن |
| 100 | 1 | _aهشام نشابة | |
| 245 | 1 | 0 |
_aالتراث التربوى الاسلامى فى خمس مخطوطات / _cهشام نشابة |
| 260 |
_a[S.N] : _bدار العلم للملايين ، _c1988 |
||
| 300 | _a267 ص | ||
| 490 | _a | ||
| 650 | 0 | 4 | _aالاخلاق الاسلامية |
| 650 | 0 | 4 | _aالتاريخ الاسلامى |
| 650 | 0 | 4 | _aالمخطوطات العربية |
| 650 | 0 | 4 | _aالحضارة الاسلامية |
| 650 | 0 | 4 | _aالتربية الاسلامية |
| 942 |
_2ddc _cBK |
||
| 999 |
_c32121 _d32121 |
||